Statistics for Persona 5 Arena (Fan Made Roster)

Click here to take the quiz!

General Stats

  • This quiz has been taken 56 times
  • The average score is 27 of 30

Answer Stats

#NameBrief DescriptionPersona% Correct
4Ann TakamakiThe famed model and Phantom Thief, she joins the others on the goose chase in the new, warped metaverse.Carmen
100%
8Goro AkechiThe redeemed villain and traitor known as the Black Mask. He uses his more infamous Persona Loki opposed to his "good guy" Persona Robin Hood. He joins the Phantom Thieves once more to end up in a fighting tournament.Loki
100%
7Haru OkumuraThe ex-CEO of Okumura Foods, and now the owner of a small café chain in Tokyo. She joins the Phantom Thieves when the meta nav reappears on her phone, bringing along Milady as her companion.Milady
100%
6Makoto NiijimaThe Fist of the Phantom Star rides into battle with the rest of the Phantom Thieves as she helps uncover whatever being is disrupting the metaverse.Johanna
100%
17Makoto YukiThe ressurected protagonist of Persona 3. He finds himself walking in the metaverse and encounters many foes. He also has the wildcard ability, but chooses to use his main Persona, Orpheus.Orpheus
100%
2MorganaThe totally human and not cat Persona user. He mostly spent his time being a cat but when him and Ren return to Tokyo after graduation, they find themselves in another mystery.Zorro
100%
1Ren AmamiyaThe main protagonist of Persona 5 who leads the Phantom Thieves of Heart. He is able to summon many different Personas but only uses Arsène in battle.Arsène
100%
3Ryuji SakamotoEx-track runner and somehow highschool graduate, he once again joins the Phantom Thieves as the metaverse nav reappears on their phones.Captain Kidd
100%
10Yu NarukamiThe main protagonist of Persona 4 who leads the Investigation Team. He is able to summon many Personas but only uses Izanagi in battle.Izanagi
100%
5Yusuke KitagawaThe artistic (and hungry) painter joins the Phantom Theives as they investigate the metaverse again, facing shadow forms of themselves, as they discover the mystery behind the metaverse.Goemon
98%
DLC 1Futaba SakuraThe first of ten DLC characters. The famed hacker a.k.a. Alibaba joins the fight late, as she is normally reduced to a support role. But with her friends in trouble, she joins the battle with the help of her Persona, Necronomicon.Necronomicon
96%
14TeddieA shadow turned human wearing a bear costume. He works as the mascot of Junes but finds himself thrown back into the Shadow fighting life-style.Kintoki-Douji
96%
12Chie SatonakaA kung-fu loving member of the police academy and one of the members in the Investigation Team. Most of the team reunite, and begin their adventure back into the new shadow world.Tomoe
93%
9LavenzaThe Velvet Room attendee of Persona 5, who is actually two-split characters in one. She reappears again to help the protagonist with his "rehabilitation", bringing along her most powerful Persona, Lucifer.Lucifer
93%
13Naoto ShiroganeThe original detective prince finds herself in Inaba again after the Midnight Channel apparently reappeared. She finds the Phantom Thieves and discovers the metaverse, bringing her Persona, Sukuna-Hikona with her on the mystery.Sukuna-Hikona
91%
DLC 2Sumire YoshizawaThe gymnast returns to Tokyo, bringing herself directly into conflict. Once known as "Kasumi", she joins the Phantom Thieves in the mystery of the metaverse.Cendrillon
91%
11Yosuke HanamuraYu's partner and the manager of Junes rejoins the Investigation Team when the Midnight Channel reappears and they find themselves in a unfamiliar place.Jiraiya
91%
18AigisThe robot of S.E.E.S. and Persona user. She returns to investigate and runs into the dead (and ressurected) Makoto. She fights with her Persona Pallas Athena and her gatling cannons.Pallas Athena
89%
DLC 7Kanji TatsumiAn employee of the Textiles Shop, working for his mother. He joins the Investigation Team late into the mystery, being busy for most of it. But when he makes his grand debut, his Persona Take-Mikazuchi joins in.Take-Mikazuchi
87%
DLC 3Takuto MarukiHis ideals being questioned and then executed, the once counselor now joins up with his once enemies, in a mystery-filled adventure.Azathoth
87%
15Tohru AdachiThe culprit behind the string of murders in Inaba. He returns as a chaotic neutral, and begins another boring expedition in the metaverse.Magatsu-Izanagi
87%
19Ken Amada & KoromaruThe lovable duo returns along with their Personas. Man and dog live at peace again as they join S.E.E.S. in the mysterious tournament.Kala-Nemi & Cerberus
84%
DLC 6Yukiko AmagiThe head of the Amagi Inn and the "excellent" chef is late to the party. She brings with her the Persona Konohana Sakuya and her "tasty" Mystery Food X.Konohana Sakuya
84%
DLC 9MarieLost without knowing where she is, the ex-Velvet Room attendee and poem writing weather controller finds herself in the conflict, bringing out her Persona Kaguya, with Kusumi-no-Okami coming out if need be.Kaguya
82%
20Mitsuru KirijoThe commanding leader of S.E.E.S. and the Kirijo group. Not all of S.E.E.S. returns but the The Imperious Queen of Executions brings along her Persona, Artemisia.Artemisia
82%
DLC 5SophiaThe A.I. of Persona 5 Strikers. She re-enters the metaverse, bringing herself back into action.Pithos
82%
DLC 10Akihiko SanadaThe protein-loving boxer returns, unfortunately not bringing Yukari or Junpei along with him. He brings Caesar, his Persona. Together with S.E.E.S., they try to discover the mystery of the metaverse.Caesar
78%
16LabrysAigis' sister (not to be confused with Metis) and was introduced in Persona 4 Arena and its sequel. She reappears again with the help of S.E.E.S. in an attempt to stop whatever malevolent being is taunting the metaverse.Ariadne
76%
DLC 4Zenkichi HasegawaThe newest ally of the Phantom Thieves, the policeman from Kyoto finds himself again using his Persona, Valjean.Valjean
73%
DLC 8Sho MinazukiAnother some-what redeemed villain and a character from Persona 4 Arena and its sequel.Tsukiyomi
64%

Score Distribution

Percentile by Number Answered

Percent of People with Each Score

Your Score History

You have not taken this quiz